000 00319nam a22001337a 4500
003 SGT
020 _a9789392787195
082 _a370.72,YAD
100 _aYADAV, ROHIT
245 _aCONTEMPORARY RESEARCH METHODS AT HIGHER EDUCATION INSTITURUINS
260 _aNEW DELHI
_bSSB
_c2022
300 _a131
942 _2ddc
_cBK
999 _c32162
_d32162